Nursery Rhyme Characters Quiz Stats

 Plays Quiz Updated Aug 27, 2018

Score 0/24 Timer 06:00
0 Plays Today
Clue Character % Correct
Came tumbling down the hill after JackJill
99.4%
She had a lamb whose fleece was white as snowMary
95.1%
Visually impaired, tail-less, rodents.Three Blind Mice
89.4%
She lost her sheep and can't tell where to find themLittle Bo Peep
83.6%
He couldn't be reassembled by the king's horses or menHumpty Dumpty
78%
Ran away with the dish after watching a cow flySpoon
66.5%
Her meal of curds and whey was interrupted by a spiderLittle Miss Muffet
64.2%
She went to the cupboard to fetch her poor dog a boneOld Mother Hubbard
54.4%
He could eat no fat, and his wife could eat no leanJack Sprat
49.7%
Her London bridge is falling downMy Fair Lady
48.8%
He kept his wife in a pumpkin shellPeter Peter Pumpkin Eater
46.8%
Horn blowing child asleep under the haystackLittle Boy Blue
44.4%
Clue Character % Correct
He stuck in his thumb and pulled out a plumLittle Jack Horner
41.7%
He needs to row his boat ashoreMichael
40.7%
He kissed the girls, made them cry and then ran awayGeorgie Porgie
40.4%
He met a pieman and tried to taste his wareSimple Simon
36.8%
She made tarts on a summer's day, later stolen by a knaveQueen of Hearts
33.7%
His name is my name, too!John Jacob Jingleheimer Schmidt
31.9%
At eight o'clock he ran through the town in his nightgownWee Willie Winkie
25.2%
He had ten thousand men and marched them up and down the hillThe Grand Old Duke of York
24.3%
King of the bush, sits in an old gum treeKookaburra
24.3%
He is missing, along with Pointer, Ring Man and Small ManThumbkin
15.4%
He was born on Monday, christened on Tuesday, but dead and buried by the weekendSolomon Grundy
15%
Received brown bread and butter for singing for his supperTommy Tucker
9%

You're not logged in!

Compare scores with friends on all Sporcle quizzes.
OR
Log In

Sporcle TV

Today on Sporcle TV


Watch our educational content, quiz creation guides, and fun videos on Sporcle TV.

Show Comments

Extras

Top Quizzes Today


Score Distribution

Your Account Isn't Verified!

In order to create a playlist on Sporcle, you need to verify the email address you used during registration. Go to your Sporcle Settings to finish the process.

Report this User

Report this user for behavior that violates our Community Guidelines.

Details: